Länder Süd- & Zentralasiens zuordnen - Statistiken

Allgemein
  • Dieses Quiz wurde 54 mal gespielt
  • Das Durchschnittsergebnis liegt bei 12 aus 13
Antworten auf der Karte
Die Antworten werden auf der Karte rot bzw. grün angezeigt, abhängig davon wie oft sie richtig erraten wurden.
 
Antwortstatistiken
Antwort % Korrekt
Indien
100%
Kasachstan
100%
Sri Lanka
98%
Malediven
96%
Nepal
96%
Bangladesch
94%
Bhutan
94%
Pakistan
94%
Afghanistan
89%
Kirgisistan
83%
Usbekistan
81%
Turkmenistan
79%
Tadschikistan
74%
Keine übereinstimmenden Quizze gefunden
Verteilung der Resultate
Anzahl Personen mit jedem Resultat
Perzentil nach korrekt beantworteten Fragen
Ihre Resultats-Entwicklung
Sie haben dieses Quiz noch nicht gespielt